Who Owns Each NBA Franchise - Statistics

General Stats
  • This quiz has been taken 15 times
  • The average score is 8 of 30
Answer Stats
Team Owner % Correct
Dallas Mavericks Mark Cuban
91%
Chicago Bulls Jerry Reinsdorf
55%
New York Knicks James Dolan
45%
Minnesota Timberwolves Glen Taylor
36%
Los Angeles Clippers Steve Ballmer
36%
Cleveland Cavaliers Daniel Gilbert
27%
New Orleans Pelicans Gayle Benson
27%
Portland Trailblazers Jody Allen
27%
Phoenix Suns Mat Ishbia
27%
Miami Heat Micky Arison
27%
Houston Rockets Tilman Fertitta
27%
Los Angeles Lakers Buss Family
18%
Oklahoma City Thunder Clayton Bennett
18%
Orlando Magic Devos Family
18%
Charlotte Hornets Gabe Plotkin
18%
Indiana Pacers Herb Simon
18%
Golden State Warriors Joseph Lacob
18%
Brooklyn Nets Joseph Tsai
18%
San Antonio Spurs Peter Holt
18%
Memphis Grizzlies Robert Pera
18%
Utah Jazz Ryan Smith
18%
Denver Nuggets Stanley Kroenke
18%
Washington Wizards Ted Leonsis
18%
Detroit Pistons Tom Gores
18%
Atlanta Hawks Tony Ressler
18%
Sacramento Kings Vivic Ranadive
18%
Milwaukee Bucks Wes Edens
18%
Boston Celtics Wyc Grousbeck
18%
Philadelphia 76ers David Blitzer
9%
Toronto Raptors Michael Friisdahl
9%
No matching quizzes found
Score Distribution
Percent of People with Each Score
Percentile by Number Answered
Your Score History
You have not taken this quiz